The public policy perspective : a personal analysis of public work

"Public policy and public administration are fundamental to a functioning society. These fields are embedded into our institutions, everyday lives, and the greater culture. This book will explore public interest roles in 2025 from the student, scholar, and practitioner perspective, as well as f...

Full description

Saved in:
Bibliographic Details
Main Author Deitchman, Benjamin H. (Author)
Format Electronic eBook
LanguageEnglish
Published New York, NY : Routledge, 2025.
SeriesRoutledge research in public administration and public policy
Subjects
Online AccessFull text
ISBN9781003584650
1003584659
9781040391105
1040391109
9781040391181
1040391184
9781032953960
9781032995977
Physical Description1 online resource.

Cover

LEADER 00000cam a22000008i 4500
001 tf-9781003584650
003 FlBoTFG
005 20250515083706.2
006 m o d
007 cr |||||||||||
008 250423s2025 nyu ob 001 0 eng
040 |a OCoLC-P  |b eng  |e rda  |c OCoLC-P 
020 |a 9781003584650  |q ebook 
020 |a 1003584659 
020 |a 9781040391105  |q (electronic bk. : PDF) 
020 |a 1040391109  |q (electronic bk. : PDF) 
020 |a 9781040391181  |q (electronic bk. : EPUB) 
020 |a 1040391184  |q (electronic bk. : EPUB) 
020 |z 9781032953960  |q hardback 
020 |z 9781032995977  |q paperback 
024 7 |a 10.4324/9781003584650  |2 doi 
035 |a (OCoLC)1517962693 
035 |a (OCoLC-P)1517962693 
100 1 |a Deitchman, Benjamin H.,  |e author.  |4 aut  |4 http://id.loc.gov/vocabulary/relators/aut  |1 https://id.oclc.org/worldcat/entity/E39PCjxhjqxtGJhFMCFvd3HyFq  |1 http://id.loc.gov/rwo/agents/n2016055177 
245 1 4 |a The public policy perspective :  |b a personal analysis of public work /  |c Benjamin H. Deitchman. 
264 1 |a New York, NY :  |b Routledge,  |c 2025. 
300 |a 1 online resource. 
336 |a text  |b txt  |2 rdacontent 
337 |a computer  |b c  |2 rdamedia 
338 |a online resource  |b cr  |2 rdacarrier 
490 0 |a Routledge research in public administration and public policy 
505 0 |a Introduction : a perspective -- From student government to the real government : public policy in everyday lives -- From the DMV to the DMZ : the public policy all around us -- Prime time public service : public policy in popular culture -- The policy implications of sports : what this field can learn from the playing field -- Princes, princesses, politicians, and the public interest : public policy in transition. 
506 |a Plný text je dostupný pouze z IP adres počítačů Univerzity Tomáše Bati ve Zlíně nebo vzdáleným přístupem pro zaměstnance a studenty 
520 |a "Public policy and public administration are fundamental to a functioning society. These fields are embedded into our institutions, everyday lives, and the greater culture. This book will explore public interest roles in 2025 from the student, scholar, and practitioner perspective, as well as from their impacts on people and the planet. As we live through unceasingly unprecedented times, furthering our worldview on governance is essential. Benjamin H. Deitchman starts at the beginning: with understanding the basic perspectives on the public and nonprofit sectors and the roles in serving and leading in communities and beyond. Rigorously rooted in theory and practical experience, he examines how relevant individuals and institutions grow and provide impact, and how this shapes internal views and the views of others, including on television and in sports. While the work is tedious and serious, The Public Policy Perspective: A Personal Analysis of Public Work provides examples and analysis to explore its essentiality, and even its fun. A useful and engaging supplemental reading in an introductory or capstone course to provide perspective on the roles, responsibilities, and opportunities of the public policy or public administration scholar or professional"-- Provided by publisher. 
588 |a OCLC-licensed vendor bibliographic record. 
650 0 |a Policy sciences. 
650 0 |a Public administration. 
655 7 |a elektronické knihy  |7 fd186907  |2 czenas 
655 9 |a electronic books  |2 eczenas 
856 4 0 |u https://proxy.k.utb.cz/login?url=https://www.taylorfrancis.com/books/9781003584650